[Event "Faxe EMT"]
[Site "Faxe"]
[Date "2010.05.05"]
[Round "7"]
[White "Johannsen, Bjorn"]
[Black "Eriksen, Keld"]
[Result "1-0"]
[WhiteElo "1553"]
[BlackElo "1633"]
[PlyCount "63"]
[EventDate "2010.03.17"]
[EventType "swiss"]
[EventRounds "7"]
[EventCountry "DEN"]
[SourceTitle "EXT 2023"]
[Source "ChessBase"]
[SourceDate "2022.10.05"]
[SourceVersion "1"]
[SourceVersionDate "2022.10.05"]
[SourceQuality "1"]

1. d4 e5 2. dxe5 Nc6 3. Nf3 Qe7 4. Nc3 Nxe5 5. e3 c6 6. Nxe5 Qxe5 7. Bd3 Nf6 8. f4 Qc7 9. Qf3 d5 10. h3 h5 11. Bd2 Bd7 12. a3 0-0-0 13. 0-0-0 g6 14. e4 d4 15. Nb1 Bg7 16. c4 c5 17. e5 Bc6 18. Qe2 Rhe8 19. Rhg1 Nd7 20. Qf1 Nf8 21. Re1 f6 22. exf6 Bxf6 23. g4 Bh4 24. Rxe8 Rxe8 25. f5 Be4 26. Bxe4 Rxe4 27. fxg6 Re8 28. gxh5 Ne6 29. h6 Rf8 30. Qe2 Nf4 31. Qg4+ Kb8 32. g7 1-0

[Event "Faxe EMT"]
[Site "Faxe"]
[Date "2009.05.06"]
[Round "7"]
[White "Eriksen, Keld"]
[Black "Thomsen, Peter"]
[Result "1/2-1/2"]
[WhiteElo "1635"]
[BlackElo "1766"]
[PlyCount "81"]
[EventDate "2009.03.18"]
[EventType "swiss"]
[EventRounds "7"]
[EventCountry "DEN"]
[SourceTitle "EXT 2023"]
[Source "ChessBase"]
[SourceDate "2022.10.05"]
[SourceVersion "1"]
[SourceVersionDate "2022.10.05"]
[SourceQuality "1"]

1. e4 c5 2. Nf3 d6 3. d4 cxd4 4. Nxd4 Nf6 5. Nc3 a6 6. Be2 e5 7. Nb3 b5 8. f3 Bb7 9. Be3 Be7 10. Qd2 Nbd7 11. 0-0 b4 12. Nd5 Nxd5 13. exd5 a5 14. a4 0-0 15. c4 bxc3 16. bxc3 Qc7 17. Rfc1 Rfc8 18. c4 Qd8 19. Qe1 Bh4 20. g3 Bg5 21. Qf2 Bxe3 22. Qxe3 Nc5 23. Nxc5 Rxc5 24. Rab1 Ba6 25. Qb3 Kf8 26. Qb6 Qxb6 27. Rxb6 Ke7 28. Kf2 Kd7 29. Ke3 Kc7 30. Rcb1 Ra7 31. Rb8 Rb7 32. R1xb7+ Bxb7 33. Rf8 Ba6 34. Rxf7+ Kb6 35. Rd7 Bxc4 36. Rxd6+ Kc7 37. Rc6+ Rxc6 38. dxc6 Bxe2 39. Kxe2 Kxc6 40. Kd3 Kd6 41. Ke4 1/2-1/2

[Event "Faxe EMT"]
[Site "Faxe"]
[Date "2009.04.28"]
[Round "6"]
[White "Lindskov, Villy"]
[Black "Eriksen, Keld"]
[Result "0-1"]
[WhiteElo "1822"]
[BlackElo "1635"]
[PlyCount "66"]
[EventDate "2009.03.18"]
[EventType "swiss"]
[EventRounds "7"]
[EventCountry "DEN"]
[SourceTitle "EXT 2023"]
[Source "ChessBase"]
[SourceDate "2022.10.05"]
[SourceVersion "1"]
[SourceVersionDate "2022.10.05"]
[SourceQuality "1"]

1. e4 Nc6 2. d4 e5 3. d5 Nce7 4. Bd3 d6 5. f4 exf4 6. Bxf4 Ng6 7. Be3 Nf6 8. Nf3 Bg4 9. 0-0 Be7 10. Nbd2 0-0 11. Qe1 c6 12. dxc6 bxc6 13. c4 a5 14. b3 Qc7 15. Bc2 d5 16. exd5 cxd5 17. Bxg6 hxg6 18. h3 Bd7 19. Nd4 Bd6 20. Qf2 Bh2+ 21. Kh1 Nh5 22. Ne2 Bg3 23. Qf3 dxc4 24. Nxc4 Bc6 25. Qg4 Rfe8 26. Rfd1 Re4 27. Qg5 Bh4 28. Qc5 Be7 29. Nd6 Rxe3 30. Qxe3 Bxd6 31. Rac1 Re8 32. Qf2 Rxe2 33. Qxe2 Ng3+ 0-1

[Event "Faxe EMT"]
[Site "Faxe"]
[Date "2008.04.16"]
[Round "3"]
[White "Eriksen, Keld"]
[Black "Lillebro, Verner"]
[Result "1-0"]
[WhiteElo "1695"]
[BlackElo "1294"]
[PlyCount "45"]
[EventDate "2008.03.26"]
[EventType "swiss"]
[EventRounds "7"]
[EventCountry "DEN"]
[SourceTitle "EXT 2023"]
[Source "ChessBase"]
[SourceDate "2022.10.05"]
[SourceVersion "1"]
[SourceVersionDate "2022.10.05"]
[SourceQuality "1"]

1. e4 c6 2. d4 d5 3. e5 Bf5 4. f4 e6 5. Bd3 Bxd3 6. Qxd3 Ne7 7. Nf3 Nf5 8. 0-0 Be7 9. c3 0-0 10. b4 Nd7 11. a4 a6 12. Nbd2 b5 13. Bb2 Nb6 14. axb5 cxb5 15. Nb3 Nc4 16. Bc1 Qc7 17. Nc5 a5 18. g4 Nh4 19. Nxh4 Bxh4 20. g5 h6 21. Qh3 Bxg5 22. fxg5 hxg5 23. Bxg5 1-0

[Event "Faxe EMT"]
[Site "Faxe"]
[Date "2008.03.26"]
[Round "1"]
[White "Eriksen, Keld"]
[Black "Andersen, Hans Poul"]
[Result "1-0"]
[WhiteElo "1695"]
[BlackElo "1280"]
[PlyCount "75"]
[EventDate "2008.03.26"]
[EventType "swiss"]
[EventRounds "7"]
[EventCountry "DEN"]
[SourceTitle "EXT 2023"]
[Source "ChessBase"]
[SourceDate "2022.10.05"]
[SourceVersion "1"]
[SourceVersionDate "2022.10.05"]
[SourceQuality "1"]

1. e4 e5 2. d4 Bd6 3. Bc4 Qe7 4. Nf3 h6 5. 0-0 Nf6 6. Nc3 a6 7. a4 0-0 8. dxe5 Bxe5 9. Nd5 Nxd5 10. Qxd5 d6 11. Be2 Nc6 12. c3 Be6 13. Qd1 Rad8 14. Be3 Na5 15. Nd2 f5 16. f4 Bf6 17. Rc1 Nc6 18. b4 fxe4 19. Nxe4 Bf5 20. Nxf6+ Rxf6 21. Bf2 Re8 22. Bf3 Qd7 23. b5 Nd8 24. Bd4 Rff8 25. g4 Be4 26. Be2 axb5 27. axb5 b6 28. f5 Qf7 29. c4 Nb7 30. Bf3 Nc5 31. Be2 Ra8 32. Rc3 Ra2 33. Rf4 Rfa8 34. Bxc5 Ra1 35. Rc1 Rxc1 36. Qxc1 dxc5 37. Rxe4 Qf8 38. Qe3 1-0

[Event "Faxe EMT"]
[Site "Faxe"]
[Date "2007.05.23"]
[Round "7"]
[White "Hansen, Egon"]
[Black "Eriksen, Keld"]
[Result "0-1"]
[WhiteElo "1546"]
[BlackElo "1745"]
[PlyCount "86"]
[EventDate "2007.03.21"]
[EventType "swiss"]
[EventRounds "7"]
[EventCountry "DEN"]
[SourceTitle "EXT 2023"]
[Source "ChessBase"]
[SourceDate "2022.10.05"]
[SourceVersion "1"]
[SourceVersionDate "2022.10.05"]
[SourceQuality "1"]

1. e4 c5 2. Nf3 Nc6 3. Nc3 d6 4. Be2 e6 5. d4 cxd4 6. Nxd4 Nf6 7. Be3 Be7 8. 0-0 0-0 9. Nb3 a6 10. a4 b6 11. f4 Bb7 12. Bf3 Qc7 13. Qe2 Rad8 14. Rfd1 Nd7 15. Rd2 Nc5 16. Nxc5 bxc5 17. b3 Bf6 18. e5 dxe5 19. Ne4 exf4 20. Nxf6+ gxf6 21. Rxd8 Nxd8 22. Bf2 Bxf3 23. Qxf3 e5 24. Bh4 f5 25. Qh5 f6 26. Qxf5 Qg7 27. Rd1 Qg6 28. Qxg6+ hxg6 29. Rd6 g5 30. Be1 Kf7 31. Rxa6 Ne6 32. c3 e4 33. Kf2 Rb8 34. b4 cxb4 35. cxb4 Nd4 36. Bc3 e3+ 37. Kf1 Rd8 38. b5 g4 39. b6 f3 40. b7 Ne6 41. gxf3 gxf3 42. Ke1 f2+ 43. Ke2 Nf4+ 0-1

[Event "Faxe EMT"]
[Site "Faxe"]
[Date "2007.03.21"]
[Round "1"]
[White "Eriksen, Keld"]
[Black "Nesheim, Erik"]
[Result "1-0"]
[WhiteElo "1745"]
[BlackElo "1311"]
[PlyCount "59"]
[EventDate "2007.03.21"]
[EventType "swiss"]
[EventRounds "7"]
[EventCountry "DEN"]
[SourceTitle "EXT 2023"]
[Source "ChessBase"]
[SourceDate "2022.10.05"]
[SourceVersion "1"]
[SourceVersionDate "2022.10.05"]
[SourceQuality "1"]

1. e4 b6 2. d4 Bb7 3. f3 a6 4. Nc3 e6 5. Bd3 h6 6. Nge2 Ne7 7. Bf4 d6 8. 0-0 Nd7 9. Qd2 g6 10. Rad1 Bg7 11. b4 g5 12. Bg3 Ng6 13. e5 d5 14. Bxg6 fxg6 15. Qd3 Nf8 16. h3 Qe7 17. f4 g4 18. hxg4 Qxb4 19. f5 0-0-0 20. f6 Bxf6 21. Rxf6 g5 22. Rdf1 Qe7 23. Rf7 Qe8 24. Qf3 Nd7 25. Qd3 Nf8 26. Be1 Rd7 27. Rxd7 Qxd7 28. Ng3 Kb8 29. Nh5 Qh7 30. Rxf8+ 1-0

[Event "Ostsjaellands op"]
[Site "Faxe"]
[Date "2006.05.03"]
[Round "7"]
[White "Eriksen, Keld"]
[Black "Christoffersen, Per"]
[Result "1-0"]
[WhiteElo "1742"]
[BlackElo "1511"]
[PlyCount "109"]
[EventDate "2006.03.15"]
[EventType "swiss"]
[EventRounds "7"]
[EventCountry "DEN"]
[SourceTitle "EXT 2023"]
[Source "ChessBase"]
[SourceDate "2022.10.05"]
[SourceVersion "1"]
[SourceVersionDate "2022.10.05"]
[SourceQuality "1"]

1. e4 e6 2. d4 d5 3. Nc3 Bb4 4. Bd2 dxe4 5. Qg4 Nf6 6. Qxg7 Rg8 7. Qh6 Qxd4 8. 0-0-0 Qxf2 9. Nh3 Qf5 10. Bb5+ Bd7 11. Rhf1 Rg6 12. Qh4 Qg4 13. Qe1 e5 14. Rxf6 Rxf6 15. Nd5 Bxd2+ 16. Qxd2 Rg6 17. Nxc7+ Kf8 18. Nxa8 Bxb5 19. Qb4+ Kg7 20. Qxb5 Qe6 21. Nc7 Qf5 22. Rf1 a6 23. Rxf5 axb5 24. Rxe5 Rxg2 25. Rxe4 Rxh2 26. Rh4 Nc6 27. Nxb5 Ne5 28. Nc3 b5 29. b4 Nc4 30. Rg4+ Kf6 31. Rg3 Ke5 32. Nxb5 Rh1+ 33. Ng1 f5 34. Kd1 f4 35. Rg8 f3 36. Ke1 Kf4 37. Rf8+ Ke4 38. Nc3+ Kd4 39. Rxf3 Rxg1+ 40. Kf2 Rg8 41. Ne2+ Ke5 42. a4 h5 43. a5 Nd2 44. Re3+ Kf6 45. Ng3 h4 46. Nf1 Nc4 47. Rf3+ Ke5 48. Nh2 Nd2 49. Rh3 Ne4+ 50. Kf1 Rf8+ 51. Ke1 Rf2 52. Ng4+ Kf4 53. Nxf2 Nxf2 54. Kxf2 Kg4 55. Rxh4+ 1-0

[Event "Ostsjaellands op"]
[Site "Faxe"]
[Date "2006.04.26"]
[Round "6"]
[White "Eckert, Svend"]
[Black "Eriksen, Keld"]
[Result "0-1"]
[WhiteElo "1568"]
[BlackElo "1742"]
[PlyCount "50"]
[EventDate "2006.03.15"]
[EventType "swiss"]
[EventRounds "7"]
[EventCountry "DEN"]
[SourceTitle "EXT 2023"]
[Source "ChessBase"]
[SourceDate "2022.10.05"]
[SourceVersion "1"]
[SourceVersionDate "2022.10.05"]
[SourceQuality "1"]

1. c4 e5 2. Nc3 f5 3. g3 c6 4. Bg2 Nf6 5. e4 d6 6. Nge2 Be7 7. 0-0 0-0 8. d4 Be6 9. d5 cxd5 10. cxd5 Bd7 11. Kh1 fxe4 12. Nxe4 Bf5 13. N2c3 Nbd7 14. Be3 Ng4 15. Qd2 Nxe3 16. Qxe3 Nf6 17. f3 Qa5 18. Rfd1 b5 19. a4 b4 20. Nb5 Bxe4 21. fxe4 Ng4 22. Qb3 Nf2+ 23. Kg1 Nxd1 24. Qxd1 a6 25. Qg4 axb5 0-1

[Event "Ostsjaellands op"]
[Site "Faxe"]
[Date "2006.04.19"]
[Round "5"]
[White "Refsgaard, Kaj"]
[Black "Eriksen, Keld"]
[Result "1-0"]
[WhiteElo "1785"]
[BlackElo "1742"]
[PlyCount "53"]
[EventDate "2006.03.15"]
[EventType "swiss"]
[EventRounds "7"]
[EventCountry "DEN"]
[SourceTitle "EXT 2023"]
[Source "ChessBase"]
[SourceDate "2022.10.05"]
[SourceVersion "1"]
[SourceVersionDate "2022.10.05"]
[SourceQuality "1"]

1. d4 d5 2. c4 c6 3. Nc3 Nf6 4. Bg5 Bf5 5. Bxf6 exf6 6. e3 Bb4 7. Rc1 0-0 8. Nf3 Nd7 9. cxd5 cxd5 10. Be2 Nb6 11. 0-0 a6 12. Qb3 Be7 13. Nd2 Be6 14. a4 a5 15. Nb5 Bb4 16. Rfd1 Rc8 17. Nb1 Qd7 18. N1c3 Nc4 19. Bd3 b6 20. Qc2 g6 21. Qe2 Rfe8 22. Bxc4 Rxc4 23. h3 f5 24. Na2 Bf8 25. Rxc4 dxc4 26. d5 Bxd5 27. Nac3 1-0